| 000 | 00731nam a2200193 a 4500 | ||
|---|---|---|---|
| 003 | AM-YeHGA | ||
| 005 | 20250618073434.0 | ||
| 008 | 080523s1865 ai r 000 0 arm d | ||
| 040 | _aAM-YeHGA | ||
| 041 | 0 | _aarm | |
| 100 | 1 |
_aՄսերեան, Մսեր _934 |
|
| 245 | 1 | 0 |
_aՀաւատապատում կամ մանր ուսմունք քրիստոնէական Հաւատոյ / _cՄսերայ Վարժապետէ Գրիգորեան Զմիւռնացւոյ. |
| 260 |
_aՍ. Էջմիածին : _bԱ. հ, _c1865. |
||
| 300 | _a75 էջ. | ||
| 650 | 1 | 4 | _aՔրիստոնեություն |
| 856 | 4 | 1 |
_uhttp://greenstone.flib.sci.am/gsdl/collect/haygirq/book/havatapatum.pdf _yԿարդալ առցանց |
| 942 |
_2udc _cBK |
||
| 090 | _c237026 | ||
| 999 |
_c235462 _d235462 |
||